000 00913nam a22002297a 4500
999 _c58881
_d58881
005 20221107121831.0
008 221012s2020ge xxu||||| |||| 00| 0 ger d
020 _a 9783126071628x
041 _ager
080 _a811.112.2'373 N-46
245 _a Netzwerk neu :
_bA2.1. Kurs- und Ubungsbuch : mit Audios und Videos /
_cStefanie Dengler, Paul Rusch, Helen Schmitz, Tanja Sieber.
264 _aStuttgart :
_bErnst Klett Sprachen,
_c2020.
300 _a176 p.:
_bIllustrationen ,
_c29 cm.
440 _a Deutsch als Fremdsprache
_915303
653 _a Netzwerk neu A2.1, Kurs- und Ubungsbuch mit Audios und Videos
653 _aგერმანული ენა სავარჯიშო წიგნი
700 _aDengler, Stefanie
_eAuthor
_915304
700 _aRusch, Paul
_eAuthor
_915285
700 _aSchmitz, Helen
_eAuthor
_910081
700 _aSieber, Tanja
_eAuthor
_915291
942 _2udc
_cBK